Code for measurement of building works in small dwellings, authorised by agreement between RICS and The National Federation of Building Trades Employers (Record no. 87021)

MARC details
000 -LEADER
fixed length control field 00628cam a2200205 4500
001 - CONTROL NUMBER
control field D8394
008 - FIXED-LENGTH DATA ELEMENTS--GENERAL INFORMATION
fixed length control field 090401t1968 xxu||||| |||| 00| 0 eng d
035 ## - SYSTEM CONTROL NUMBER
System control number (Sirsi) u12675
041 ## - LANGUAGE CODE
Language code of text/sound track or separate title eng
050 ## - LIBRARY OF CONGRESS CALL NUMBER
Classification number 692.3
110 ## - MAIN ENTRY--CORPORATE NAME
Corporate name or jurisdiction name as entry element Royal Institution of Chartered Surveyors
9 (RLIN) 4900
245 ## - TITLE STATEMENT
Title Code for measurement of building works in small dwellings, authorised by agreement between RICS and The National Federation of Building Trades Employers
250 ## - EDITION STATEMENT
Edition statement 2nd metric
260 ## - PUBLICATION, DISTRIBUTION, ETC.
Place of publication, distribution, etc. London
Name of publisher, distributor, etc. RICS
Date of publication, distribution, etc. 1968
300 ## - PHYSICAL DESCRIPTION
Extent viii. 18p. 30cm
350 ## - PRICE (NR) (BK AM CF MU VM SE) [OBSOLETE]
Price 0
520 ## - SUMMARY, ETC.
Summary, etc. Filed at SMM 1968/2BCDE
942 ## - ADDED ENTRY ELEMENTS (KOHA)
Suppress in OPAC 0
948 ## - LOCAL PROCESSING INFORMATION (OCLC); SERIES PART DESIGNATOR (RLIN)
c (OCLC) 04/03/1997
Holdings
Withdrawn status Lost status Source of classification or shelving scheme Damaged status Not for loan Home library Current library Shelving location Date acquired Total Checkouts Full call number Barcode Date last seen Copy number Price effective from Koha item type
    Other/Generic Classification Scheme     London London Boxed set 15/01/1992   SMM 1968/2 30032210 06/08/2019 1 06/08/2019 Book
    Other/Generic Classification Scheme     London London Boxed set 15/01/1992   SMM 1968/2 30032211 06/08/2019 2 06/08/2019 Book
    Other/Generic Classification Scheme     London London Boxed set 15/01/1992   SMM 1968/2 30032214 06/08/2019 3 06/08/2019 Book
    Other/Generic Classification Scheme     London London Boxed set 15/01/1992   SMM 1968/2 30032218 06/08/2019 4 06/08/2019 Reference material